000 01435nam0a2200337 4500
001 RU\NLR\bibl\1445817
005 20260406151741.0
010 _a978-5-17-060419-7
_bАСТ
010 _a978-5-403-02206-4
_bАСТ МОСКВА
_92500
021 _aRU
_b2009-80419
_95042
035 _a(NLR Aleph) 001437650
090 _a1442681
_c1442681
100 _a20091201d2010 |||y0rusy50 ca
101 1 _arus
_cpol
102 _aRU
105 _ay |||||||||
200 1 _aКибериада
_e[сборник
_eперевод с польского]
_fСтанислав Лем
210 _aМосква
_cАСТ
_cАСТ МОСКВА
_d2010 [т.е. 2009]
215 _a189, [2] с.
_d16
225 1 _aСерия "Мировая классика"
225 1 _aФантастика
225 1 _aScience Fiction
300 _aКн. фактически издана в 2009 г.
327 1 _aСодерж.: Сказки роботов; Из сочинения Цифротикон, или О девиациях, суперфиксациях и аберрациях сердечных; Кибериада; Семь путешествий Трурля и Клапауция
686 _aШ6(4П)77-445{Лх1129-62}
700 1 _4070
_8rus
_7ca
_aЛем
_bС.
_f1921-2006
_gСтанислав
_3RU\NLR\auth\775492
_9115456
801 0 _aRU
_bNLR
_c20091201
_gRCR
801 1 _aRU
_bNLR
_c20091201
942 _cBOOK
980 _aNB